| 000 | 00600nac a22001811u 4500 | ||
|---|---|---|---|
| 020 | _a0070965579 | ||
| 082 |
_a660.2815 _bPAT |
||
| 090 |
_c9795 _d9795 |
||
| 100 | _a Patranabis, D. | ||
| 245 |
_aPrinciples of process control / _cD. Patranabis. |
||
| 260 |
_aNew Delhi : _b Tata McGraw-Hill,1981 _c1981 |
||
| 300 |
_axiv, 272 p. : _b _bb ill. ; _c 24 cm. |
||
| 500 | _adistributer: Al-Ahram | ||
| 504 | _aBibliography : p. [263]-267. Includes index. | ||
| 511 | _acatalogued by: wessam | ||
| 650 | _aChemical process control | ||
| 942 |
_cBB _k660.2815 PAT |
||
| 999 |
_c9795 _d9795 |
||